00489cam a22002051 4500001001300000003000400013005001700017008004100034010001700075035002000092040001800112042001200130050002100142100003700163245002100200260001100221300001900232500001500251999001700266sa 68002230 DLC20260227112441.0881028s1967 xx 000 0 beno  asa 68002230  a(OCoLC)23542066 aDLCcMiUdDLC apremarc00aPK1718.C423bS831 aChatterjee, Hari Narayan,d1916-10aSurera parasˁa. c[1967] a130 p.c23 cm. aRomanized. c78545d78545